000
00292nam a2200133Ia 4500
100
_a
Reddin/B/ Ryan/D
942
_c
RB
654
_a
handbook
245
_a
Handbook of Management
260
_b
Tata Mc Graw hill
_a
New Delhi
_c
1988
082
_a
658
_b
RED
300
_a
364
546
_a
ENGLISH
999
_c
23464
_d
23464